01165nam a2200337 i 450000100060000000300090000600500170001500800410003202000150007304000350008804600090012308000110013208000150014308000100015824500920016826000340026030000300029433600270032433700540035133800280040538000160043338800140044938800140046365000230047765000340050065500260053465800340056070000380059471000970063285600980072932320KOSZ 00520220916093106.0981010s1997 pl f f |000 0 pol d a8387038105 cKOSZ 005aKOSZ005dKOSZ 005/HR k1997 a657.47 a658.14/.17 a(076)10aRachunek kosztów :bzadania i przykłady : praca zbiorowa /cpod red. Edwarda Nowaka. aWrocław :b"Ekspert",c1997. a172 s. :bwykr. ;c24 cm. 2rdacontentaTekstbtxt 2rdamediaaBez urządzenia pośredniczącegobn 2rdacarrieraWoluminbnc aKsiążki a1901-2000 a1989-2000 4aRachunek kosztów 4aRachunkowość przemysłowa 4aĆwiczenia i zadania aGospodarka, ekonomia, finanse1 aNowak, Edwardd(1951- )eRedakcja2 a Ekspert Wydawnictwo i Doradztwo z Zakresu Rachunkowości i Finansów, Marian Pałka4pbl. uhttp://koha.tu.koszalin.pl/cgi-bin/koha/opac-detail.pl?biblionumber=32320yKatalog online BPK